000 00241nam a22001097a 4500
003 SGT
100 _aSHARMA, Y. R.
245 _aElementary Organic Spectroscopy
260 _aNEW DELHI
_bS.CHAND
_c2016
300 _a369
942 _2ddc
_cFPS
_0119
999 _c10083
_d10083